| 000 | 00662 a2200193 4500 | ||
|---|---|---|---|
| 003 | Nust | ||
| 005 | 20221222122837.0 | ||
| 040 | _cNust | ||
| 082 | _a621.384187,RID | ||
| 100 |
_aJohn F Rider _9105310 |
||
| 245 |
_aRadio trouble shooting guide book Vol.1 / _cJohn F Rider & J. Richard Johnson |
||
| 250 | _aVol.1 | ||
| 260 |
_aNew York _bJohn F. Rider _c1954 |
||
| 300 |
_a155 p _bdigars _c24 cm |
||
| 505 | _aPart.1 Superheterodyne Receivers (Page-3), Part.2 Fundamental Troubleshooting (Page-67), Part.3 Common Symptoms and Remedies (Page-93). | ||
| 600 |
_aJohn F.Rider _9105310 |
||
| 650 |
_aRadio trouble shooting guide book _9105654 |
||
| 942 |
_2ddc _cBK |
||
| 999 |
_c183816 _d183816 |
||